Tax Administration 2017 Comparative Information on OECD and Other Advanced and Emerging Economies
Na minha lista:
| Formato: | Livro |
|---|---|
| Idioma: | inglês |
| Publicado em: |
Paris
OECD
2017
|
| Colecção: | Tax Administration
|
| Assuntos: | |
| Tags: |
Sem tags, seja o primeiro a adicionar uma tag!
|
MARC
| LEADER | 00000nam a2200000 4500 | ||
|---|---|---|---|
| 001 | 0241110 | ||
| 005 | 20240314123542.8 | ||
| 020 | |a 978-92-64-27911-7 | ||
| 041 | 0 | |a eng | |
| 044 | |a FR | ||
| 245 | 1 | 0 | |a Tax Administration 2017 |b Comparative Information on OECD and Other Advanced and Emerging Economies |
| 264 | 1 | |a Paris |b OECD |c 2017 | |
| 300 | |a 202 s. | ||
| 490 | 1 | |a Tax Administration | |
| 830 | 0 | |a Tax Administration | |
| 610 | 2 | 0 | |a dane |
| 610 | 2 | 0 | |a administratíva |
| 610 | 2 | 0 | |a zodpovednosť |
| 610 | 2 | 0 | |a organizácie |
| 610 | 2 | 0 | |a služby administratívne |
| 610 | 2 | 0 | |a rozpočty |
| 610 | 2 | 0 | |a dlhy |
| 610 | 2 | 0 | |a systémy daňové |
| 610 | 2 | 0 | |a digitalizácia |
| 610 | 2 | 0 | |a spolupráca medzinárodná |
| 610 | 2 | 0 | |a ukazovatele štatistické |
| 610 | 2 | 0 | |a porovnanie štatistické medzinárodné |